000 01649cam a22004574i 4500
003 PE-LiUPU
005 20250731173125.0
008 150623s r 000 0 d
020 _a0801033152
035 _a(Sirsi) i9780801033155
040 _aPE-LiUPU
_bspa
_cPE-LiUPU
_erda
049 _aPRUA
082 0 4 _a241.5
_bE75
_221
100 1 _aErickson, Millard J.,
_eautor.
245 1 0 _aRelativism in contemporary christian ethics /
_cMillard J. Erickson.
264 1 _aGrand Rapids, Michigan :
_bBaker Book House,
_c1974.
300 _a170 páginas :
_bilustraciones diagrámas ;
_c21 centímetros
336 _atext
_2rdacontent
337 _aunmediated
_2rdamedia
338 _avolume
_2rdacarrier
504 _aIncluye bibliografía.
505 0 _aCultural backgrounds of ethical relativism. A relativistic method: situation ethics. Relativism applied: problem issues. Critique of relative ethics. An alternative approach.
526 _aSEG42
526 _aSEG41
526 _aSEG40
526 _aSEG39
526 _aP94
526 _aP87
526 _aP86
526 _aP85
526 _aP77
526 _aP76
526 _aP35
650 0 4 _aÉtica cristiana.
_91047
942 _2ddc
_cBOOK
949 _a241.5 E75
_wDEWEY
_c1
_i51182
_lCCODEBUL1
_mBUL
_p10.00
_r0
_sY
_tBOOK
_u2015-6-24
_xTEOLOGIA
_PP35
_0COMPRA
_o.STAFF. Colección General
994 _aC0
_bPEPRU
596 _a1
999 _a241.5 E75
_wDEWEY
_c32886
_i51182
_f2021-11-11
_g4
_lCCODEBUL1
_mBUL
_p10.00
_r0
_sY
_tBOOK
_u2015-6-24
_xTEOLOGIA
_PP35
_0COMPRA
_o.STAFF. Colección General
_d32886
980 _81
_gALBERTO SANCHEZ Responsable de Automatización